The Foreign Policy of Pakistan : Afghanistan,Kashmir & Internal SecurityThreats 1947-2004 (Record no. 62455)

000 -LEADER
fixed length control field 00586nam a22001937a 4500
003 - CONTROL NUMBER IDENTIFIER
control field NUST - PNEC
005 - DATE AND TIME OF LATEST TRANSACTION
control field 20170116180748.0
008 - FIXED-LENGTH DATA ELEMENTS--GENERAL INFORMATION
fixed length control field 150227b xxu||||| |||| 00| 0 eng d
020 ## - INTERNATIONAL STANDARD BOOK NUMBER
International Standard Book Number -
040 ## - CATALOGING SOURCE
Transcribing agency LIBRARY
082 ## - DEWEY DECIMAL CLASSIFICATION NUMBER
Classification number 327.5491 JAL
100 ## - MAIN ENTRY--PERSONAL NAME
9 (RLIN) 1542
Personal name Jalalizai Musa Khan
245 ## - TITLE STATEMENT
Title The Foreign Policy of Pakistan : Afghanistan,Kashmir & Internal SecurityThreats 1947-2004
Statement of responsibility, etc. Musa Khan Jalalizai
250 ## - EDITION STATEMENT
Edition statement -
260 ## - PUBLICATION, DISTRIBUTION, ETC.
Place of publication, distribution, etc. Johar Town, Lahore.
Name of publisher, distributor, etc. Ariana Publications
Date of publication, distribution, etc. c2003.
300 ## - PHYSICAL DESCRIPTION
Extent 441 p. :
650 ## - SUBJECT ADDED ENTRY--TOPICAL TERM
9 (RLIN) 1544
Topical term or geographic name entry element International Relations
General subdivision History
942 ## - ADDED ENTRY ELEMENTS (KOHA)
Source of classification or shelving scheme
Koha item type Book
Holdings
Withdrawn status Lost status Source of classification or shelving scheme Damaged status Not for loan Permanent Location Current Location Shelving location Date acquired Source of acquisition Cost, normal purchase price Total Checkouts Full call number Barcode Date last seen Cost, replacement price Price effective from Koha item type
          Pakistan Navy Engineering College (PNEC) Pakistan Navy Engineering College (PNEC)   05/31/2006 Royal Book Company 600.00   327.5491 JAL PNECLIB-027991 02/27/2015 600.00 05/31/2006 Book
© 2023 Central Library, National University of Sciences and Technology. All Rights Reserved.